5HLuxD.jpg

KING HENRY VIII SENIOR AND PRIMARY SCHOOL LIBRARY OPAC

Charlie Bone and the castle of mirrors / (Record no. 1698)

000 -LEADER
fixed length control field 01057pam a2200337 i 4500
001 - CONTROL NUMBER
control field 017834297
003 - CONTROL NUMBER IDENTIFIER
control field Uk
005 - DATE AND TIME OF LATEST TRANSACTION
control field 20230120103930.0
008 - FIXED-LENGTH DATA ELEMENTS--GENERAL INFORMATION
fixed length control field 160317r20162005enka j 000|1|eng|d
015 ## - NATIONAL BIBLIOGRAPHY NUMBER
National bibliography number GBB660834
Source bnb
016 7# - NATIONAL BIBLIOGRAPHIC AGENCY CONTROL NUMBER
Record control number 017834297
Source Uk
020 ## - INTERNATIONAL STANDARD BOOK NUMBER
International Standard Book Number 9781405280952 (pbk.) :
040 ## - CATALOGING SOURCE
Original cataloging agency StDuBDS
Language of cataloging eng
Transcribing agency StDuBDS
Modifying agency Uk
-- KH8
Description conventions rda
042 ## - AUTHENTICATION CODE
Authentication code ukblcatcopy
082 04 - DEWEY DECIMAL CLASSIFICATION NUMBER
Classification number 823.914 NIM
Edition number 23
100 10 - MAIN ENTRY--PERSONAL NAME
Personal name Nimmo, Jenny,
Relator term author.
240 10 - UNIFORM TITLE
Uniform title Castle of mirrors
245 10 - TITLE STATEMENT
Title Charlie Bone and the castle of mirrors /
Statement of responsibility, etc. Jenny Nimmo.
264 #1 - PRODUCTION, PUBLICATION, DISTRIBUTION, MANUFACTURE, AND COPYRIGHT NOTICE
Place of production, publication, distribution, manufacture London :
Name of producer, publisher, distributor, manufacturer Egmont,
Date of production, publication, distribution, manufacture, or copyright notice 2016.
300 ## - PHYSICAL DESCRIPTION
Extent 288 pages :
Other physical details 1 illustration (black and white) ;
Dimensions 20 cm
336 ## - CONTENT TYPE
Content type term text
Source rdacontent
336 ## - CONTENT TYPE
Content type term still image
Source rdacontent
337 ## - MEDIA TYPE
Media type term unmediated
Source rdamedia
338 ## - CARRIER TYPE
Carrier type term volume
Source rdacarrier
500 ## - GENERAL NOTE
General note Originally published: as The castle of mirrors, 2005.
500 ## - GENERAL NOTE
General note Formerly CIP.
Institution to which field applies Uk
600 10 - SUBJECT ADDED ENTRY--PERSONAL NAME
Personal name Bone, Charlie
Titles and other words associated with a name (Fictitious character)
Form subdivision Juvenile fiction.
655 #0 - INDEX TERM--GENRE/FORM
Genre/form data or focus term Fantasy fiction.
655 #0 - INDEX TERM--GENRE/FORM
Genre/form data or focus term Children's stories.
942 ## - ADDED ENTRY ELEMENTS (KOHA)
Source of classification or shelving scheme
Koha item type Books - Non Ficton
Holdings
Withdrawn status Lost status Source of classification or shelving scheme Damaged status Not for loan Collection code Permanent Location Current Location Shelving location Date acquired Total Checkouts Full call number Barcode Date last seen Date last checked out Price effective from Koha item type
          Non-Fiction KH8 Primary School Library KH8 Primary School Library Non Fiction 2023-01-20 4 823.914 NIM KHPL000003456 2025-12-05 2024-11-14 2023-01-20 Books - Non Ficton

Powered By KH8 IT Dept